| 000 | 00462nam a2200205Ia 4500 | ||
|---|---|---|---|
| 003 | 0100 | ||
| 008 | 130307s9999 xx 000 0 und d | ||
| 040 | _cARRUPELIB | ||
| 050 | _aBL1405.G3 1961 | ||
| 245 | _aBuddhism. | ||
| 260 | _aNew York, | ||
| 260 | _bGeorge Braziller | ||
| 260 | _c1961. | ||
| 300 | _a256 p. | ||
| 300 | _b21 cm. | ||
| 440 | _aGreat religions of modern man | ||
| 650 | _aRELIGION | ||
| 700 | _aGard, Richard Abbott | ||
| 942 | 0 | 0 | _01 |
| 999 |
_c93159 _d93159 |
||